| 000 | 01875cam a22005294i 4500 | ||
|---|---|---|---|
| 003 | PE-LiUPU | ||
| 005 | 20250731173039.0 | ||
| 008 | 171218s2016 xxu0 rb 001 0 eng d | ||
| 020 | _a9780802873743 | ||
| 035 | _a(Sirsi) a240545 | ||
| 040 |
_aPE-LiUPU _bspa _cPE-LiUPU _erda |
||
| 049 | _aPRUA | ||
| 082 | 0 | 4 |
_a270.1 _bB24 _223 |
| 100 | 1 |
_aBarclay, John M. G. _eautor. |
|
| 245 | 1 | 0 |
_aPauline churches and diaspora Jews / _cJohn M.G. Barclay. |
| 264 | 1 |
_aGrand Rapids, Michigan : _bWilliam B. Eerdmans Publishing Company , _c2016. |
|
| 300 |
_a454 páginas ; _c23 centimetros |
||
| 336 |
_atext _2rdacontent |
||
| 337 |
_aunmediated _2rdamedia |
||
| 338 |
_avolume _2rdacarrier |
||
| 504 | _aBibliografía : páginas 299-417. | ||
| 504 | _aÍndice : páginas 453-454. | ||
| 505 | 0 | _aPauline churches and diaspora jews -- The invention of christian identity in the pauline tradition -- Josephus, Paul Rome. | |
| 526 | _aSEG42 | ||
| 526 | _aSEG41 | ||
| 526 | _aSEG40 | ||
| 526 | _aSEG39 | ||
| 526 | _aP94 | ||
| 526 | _aP87 | ||
| 526 | _aP86 | ||
| 526 | _aP85 | ||
| 526 | _aP77 | ||
| 526 | _aP76 | ||
| 526 | _aP35 | ||
| 650 | 0 | 4 | _aEthnic relations. |
| 650 | 0 | 4 | _aJewish diaspora. |
| 650 | 0 | 4 | _aJews. |
| 650 | 0 | 4 | _aRelaciones étnicas. |
| 650 | 0 | 4 | _aDiáspora judía. |
| 650 | 0 | 4 | _aJudíos. |
| 910 |
_adbm _bksl _cksl _d20171218 |
||
| 942 |
_2ddc _cBOOK |
||
| 949 |
_a222.11 w5 _wDEWEY _c1 _i75498 _lCATALOGING _mBUL _p00.00 _r0 _sY _tBOOK _u2017-01-05 _xTEOLOGIA _zPOSGRADO TEOLOGÍA _0COMPRA _o.CIRCNOTE. El documento es de alto precio. _o.STAFF. Colección Teología |
||
| 596 | _a1 | ||
| 999 |
_a270.1 B24 _wLC _c26215 _i77687 _f2021-11-11 _g4 _lCCODEBUL1 _mBUL _p8.88 _r0 _sY _tBOOK _u2017-12-18 _xTEOLOGIA _PP85 _0COMPRA _o.STAFF. Colección Teología _d26215 |
||
| 980 |
_81 _gALBERTO SANCHEZ Responsable de Automatización |
||